| 000 | 00668nam a2200229Ia 4500 | ||
|---|---|---|---|
| 003 | GCL | ||
| 008 | 140319s9999 xx 000 0 ara d | ||
| 040 |
_aGCL / _cGCL |
||
| 082 | 0 | 4 |
_a142.7 _bح د |
| 100 | 1 | _aحنا نمر | |
| 245 | 1 | 0 |
_aالداروينية / _cحنا نمر |
| 260 |
_a[S.N] : _bالمؤسسة الجامعية للدراسات والنشر والتوزيع ، _c1982 |
||
| 300 | _a167 ص | ||
| 490 | _a | ||
| 650 | 0 | 4 | _aالفلسفة |
| 650 | 0 | 4 | _aالنشوء والارتقاء |
| 650 | 0 | 4 | _aالوجودية |
| 650 | 0 | 4 | _aالتباين |
| 650 | 0 | 4 | _aعلم التباين |
| 650 | 0 | 4 | _aدواوين وقصائد |
| 942 |
_2ddc _cBK |
||
| 999 |
_c56153 _d56153 |
||